Із криниці печалі (Record no. 316374)

MARC details
000 -Лідер
fixed length control field 00706nam a22002417a 4500
003 - Ідентифікатор контрольного номера
control field UA-OsUOA
001 - Контрольний номер
control field 29974
007 - Фіксоване поле фізичного опису
fixed length control field ta
008 - Елементи даних фіксованої довжини – загальна інформація
fixed length control field 20041102b un ||||| |||| 00| 0 ukr d
090 ## - Локальний шифр розміщення
Класифікаційний індекс УДК 908(477.81):929
Авторський знак (НП) І-32
040 ## - Джерело каталогізації
Агенція оригінальної каталогізації UA-OsUOA
Мова каталогізації ukr
Агенція, яка здійснювала перезапис UA-OsUOA
Агенція, яка здійснювала модифікацію UA-OsUOA
041 ## - Код мови
Код мови тексту/ звукової доріжки чи окремого заголовка (П) ukr
080 ## - Індекс Універсальної десяткової класифікації
Індекс Універсальної десяткової класифікації (УДК) (НП) 908(477.81):929
044 ## - Код країни видавця/ виробника
Код країни видавця/ виробника (П) UA
245 ## - Відомості про назву
Назва (НП) Із криниці печалі
Решта назви (НП) Збірник спогадів та документів
Дані про відповідальність (НП) Ред. П.Веселик І.Нагорна Л.Рибенко Є.Шморгун В.Яящук
260 ## - Публікація, розповсюдження і т.п. (Вихідні дані)
Місце публікації, розповсюдження і т.п. (П) Рівне
Ім’я/ наймення видавництва, розповсюджувача і т.п. (П) Азалія
Дата публікації, розповсюдження і т.п. (П) 1995
246 31 - Інша форма назви
Назва (НП) Вып. 2
Номер частини/ розділ роботи (П)
300 ## - Фізичний опис
Обсяг 139 с.
650 #7 - Додаткове предметне введення – тематичний термін
Джерело заголовка чи терміна UDC
942 ## - Додаткові елементи входу (Коха)
Тип елемента Koha Books
955 ## - Код типу видання за змістом
Код типу видання за змістом (НП) інше
Holdings
Стан вилучень Стан втрат Джерело класифікації або схеми стелажів Стан уражень Не для кредиту Постійне місце розташування Поточне розміщення Дата придбання Вартість, звичайна ціна покупки Інвентарний номер Усього замовленно Повний номер виклику Штрих-код Дата останнього перегляду Ціна ефективна від Тип елемента Koha
    Universal Decimal Classification     ЧЗ - Читальна зала ЧЗ - Читальна зала 02/11/2004 3.00 72101   908(477.81):929 І-32 72101 07/02/2022 02/11/2004 Books
    Universal Decimal Classification     ЧЗ - Читальна зала ЧЗ - Читальна зала 02/11/2004 1.00 72102   908(477.81):929 І-32 72102 07/02/2022 02/11/2004 Books
    Universal Decimal Classification     ЧЗ - Читальна зала ЧЗ - Читальна зала 02/11/2004 1.00 72103   908(477.81):929 І-32 72103 07/02/2022 02/11/2004 Books
    Universal Decimal Classification     ЧЗ - Читальна зала ЧЗ - Читальна зала 02/11/2004 1.00 72104   908(477.81):929 І-32 72104 07/02/2022 02/11/2004 Books
    Universal Decimal Classification     ЧЗ - Читальна зала ЧЗ - Читальна зала 02/11/2004 1.00 72105   908(477.81):929 І-32 72105 07/02/2022 02/11/2004 Books
    Universal Decimal Classification     ЧЗ - Читальна зала ЧЗ - Читальна зала 02/11/2004 1.00 72106   908(477.81):929 І-32 72106 07/02/2022 02/11/2004 Books
    Universal Decimal Classification     ЧЗ - Читальна зала ЧЗ - Читальна зала 02/11/2004 1.00 72107   908(477.81):929 І-32 72107 07/02/2022 02/11/2004 Books
    Universal Decimal Classification     ЧЗ - Читальна зала ЧЗ - Читальна зала 02/11/2004 1.00 72108   908(477.81):929 І-32 72108 07/02/2022 02/11/2004 Books